000 00264nam a2200109Ia 4500
008 220204s9999 xx 000 0 und d
082 _a912(084.4)(100)
_bPHI
100 _aPhilip, G
245 0 _aLibrary atlas
260 _aLondon
_bGeorge Philip
_c1981
942 _cBK
999 _c36428
_d36428